00810nam a2200205 a 450000100100000000500170001000800410002702000150006804000250008308200150010810000360012324500770015925000110023626000370024730000230028450400490030795201130035695201180046999900170058700001085720200929162315.0091012s2001 dr 000 0 spa d a999342918X aDO-SdBNPbspacBNPHU axxxbP438p1 aPérez Sáchez, José92618913aLa prensa durante los primeros años de la era de Trujillo, 1930-1934/. a2a ed. aSanto Domingo :bCollado,c2001. a129 p. : ;c21 cm. aIncluye referencias bibliográficas (p.127) 0010718PDaPDbPDcCTd2009-10-12iLF1l0oxxx P438pp10857-10r2020-06-25w2020-06-25yLFPDZNo se presta 0010718PDaPDbPDcCTd2009-10-12iLF1l0oxxx P438pp10857-20r2020-06-25te.2w2020-06-25yLFPDZNo se presta c10606d10606